Guess The Most Viewed KPOP MV - Statistics

General Stats
  • This quiz has been taken 145 times
  • The average score is 11 of 20
Answer Stats
Hint Answer % Correct
4 Dynamite
84%
1 Gangnam Style
80%
16 Butter
77%
3 Kill This Love
74%
2 Ddu Du Ddu Du
70%
12 How You Like That
70%
6 Boombayah
63%
8 DNA
58%
5 Boy With Luv
57%
13 Fake Love
51%
7 Gentleman
51%
11 Idol
50%
18 Whistle
45%
10 As If Its Your Last
42%
15 Blood Sweat & Tears
42%
19 Playing With Fire
42%
9 Mic Drop
36%
14 Solo
34%
17 Ice Cream
29%
20 PSY
10%
No matching quizzes found
Score Distribution
Percent of People with Each Score
Percentile by Number Answered
Your Score History
You have not taken this quiz